000 00389nam a22001577a 4500
005 20251119120900.0
082 _a004 JYO
100 _aTen Teachers
_91110
100 _aJyothi T J
_91107
245 _aFoundations of Computing: From Hardware Essentials to Web Design
250 _a1
260 _aOwl Books
_bTrivandrum
_c2025
546 _aEnglish
650 _aAIML
_91108
942 _cBK
999 _c38019
_d38019